000 00331nam a2200133 a 4500
005 20140414093835.0
008 090121s19uu xx uuu eng d
050 _aCDR 515
_bMUL 1996
245 _aMultimedia calculus I.
650 _aCalculus.
_xInteractive videos.
650 _aMathematics.
942 _cAVM
999 _c108982
_d108982